000 00436 a2200157 4500
005 20250523105325.0
020 _a978-0-13-609451-7
082 _a658.72 CHO
100 _aCHOPRA, S.
245 _aSupply Chain Management : Strategy, Planning and Operation.
250 _a4th Ed
260 _aNew York,
_bPearson,
_c2010.
300 _a519p.: ill.; figure, table
_bBibliography & Index
_c25cm.
700 _aMEINDL, P.
942 _2ddc
_cBKS
999 _c2561
_d2561